[Event "NK Jeugd Cj"]
[Site "Assen"]
[Date "2017.04.27"]
[Round "7.13"]
[White "Maters, Arthur"]
[Black "Warnaar, Alisha"]
[Result "1-0"]
[WhiteElo "1730"]
[BlackElo "1571"]
[PlyCount "71"]
[EventDate "2017.??.??"]

1. e4 c5 2. Nf3 d6 3. d4 cxd4 4. Nxd4 Nf6 5. Nc3 g6 6. f3 Bg7 7. Be3 O-O 8. Qd2
Nc6 9. O-O-O d5 10. Qe1 e6 11. Kb1 a6 12. g4 Ne5 13. h4 Bd7 14. h5 b5 15. hxg6
fxg6 16. Bg5 Qb6 17. Qh4 Rf7 18. Qh2 b4 19. Nce2 Nc4 20. e5 Nxe5 21. Qxe5 Ne4
22. Qh2 Nxg5 23. f4 Bxd4 24. Nxd4 Ne4 25. f5 exf5 26. gxf5 gxf5 27. Be2 Qf6 28.
Nf3 Re7 29. Rxd5 Qb6 30. Bc4 Be6 31. Rg1+ Kf8 32. Qh6+ Ke8 33. Rg8+ Bxg8 34.
Qxb6 Bxd5 35. Bxd5 Rd8 36. Bc6+ 1-0

[Event "NK Jeugd Cj"]
[Site "Assen"]
[Date "2017.04.27"]
[Round "7.14"]
[White "Algra, Sake"]
[Black "Tiggelaar, Joas"]
[Result "1-0"]
[WhiteElo "1481"]
[BlackElo "1521"]
[PlyCount "57"]
[EventDate "2017.??.??"]

1. e4 e6 2. d4 d5 3. e5 c5 4. c3 Nc6 5. Nf3 Qb6 6. Bd3 Nh6 7. h3 Bd7 8. Be2 Nf5
9. g4 Nfe7 10. a3 Ng6 11. b4 cxd4 12. cxd4 Be7 13. h4 O-O 14. h5 Nh8 15. g5 Qd8
16. Rg1 g6 17. Bd3 Be8 18. Be3 Rc8 19. Nh4 a5 20. b5 Na7 21. a4 Bb4+ 22. Kf1
Be7 23. Qg4 Qd7 24. Rh1 gxh5 25. Bxh7+ Kg7 26. Qxh5 Ng6 27. Qh6+ Kh8 28. Bxg6+
Kg8 29. Qh7# 1-0

[Event "NK Jeugd Cj"]
[Site "Assen"]
[Date "2017.04.28"]
[Round "8.1"]
[White "Bruil, Rembrandt"]
[Black "Bruggink, Tycho"]
[Result "1-0"]
[WhiteElo "1963"]
[BlackElo "1858"]
[PlyCount "119"]
[EventDate "2017.??.??"]

1. d4 Nf6 2. Bf4 e6 3. Nf3 c5 4. e3 b6 5. c3 Bb7 6. Nbd2 Be7 7. h4 d5 8. Ne5
Nbd7 9. Bd3 Nxe5 10. Bxe5 Bd6 11. Bb5+ Ke7 12. Qf3 a6 13. Bd3 Bxe5 14. dxe5 Nd7
15. Qg3 Qf8 16. O-O f6 17. exf6+ gxf6 18. e4 Ne5 19. exd5 Rg8 20. Qe3 Bxd5 21.
Be4 Qg7 22. g3 Rad8 23. Nf3 Bxe4 24. Qxe4 Qg6 25. Qb7+ Rd7 26. Nxe5 Rxb7 27.
Nxg6+ hxg6 28. Rad1 g5 29. hxg5 Rxg5 30. Rd2 Rd7 31. Rfd1 Rxd2 32. Rxd2 e5 33.
Kg2 Rg8 34. Kf3 Ke6 35. Ke3 c4 36. Rd1 Kf5 37. Rd6 Rb8 38. Rc6 a5 39. Rxc4 b5
40. Rc5 Rb6 41. Rc8 Rb7 42. Ra8 a4 43. a3 Rb6 44. Rc8 Rb7 45. Rc5 Rb8 46. f3
Rb6 47. g4+ Ke6 48. Ke4 Kd7 49. g5 fxg5 50. Rxe5 Re6 51. Kf5 Rxe5+ 52. Kxe5 Kc6
53. Kf5 Kc5 54. Kxg5 Kc4 55. f4 Kb3 56. f5 Kxb2 57. f6 Kxa3 58. f7 Ka2 59. f8=Q
a3 60. Qb4 1-0

[Event "NK Jeugd Cj"]
[Site "Assen"]
[Date "2017.04.28"]
[Round "8.2"]
[White "De Boer, Eelke"]
[Black "Hilwerda, Jonas"]
[Result "1-0"]
[WhiteElo "2100"]
[BlackElo "2011"]
[PlyCount "55"]
[EventDate "2017.??.??"]

1. e4 e5 2. Nf3 Nc6 3. Bb5 a6 4. Ba4 Nf6 5. O-O Nxe4 6. d4 b5 7. Bb3 d5 8. dxe5
Be6 9. Be3 Bc5 10. Re1 Bxe3 11. Rxe3 Ne7 12. c3 Nc5 13. Bc2 Bg4 14. Qd4 Bxf3
15. Qxc5 Bg4 16. a4 O-O 17. axb5 Nf5 18. Re1 Qg5 19. Bxf5 Bxf5 20. bxa6 Be4 21.
g3 Qh5 22. Nd2 Rfb8 23. Nxe4 dxe4 24. a7 Rd8 25. Qxc7 h6 26. b4 Qf3 27. b5 Rd2
28. Qc5 1-0

[Event "NK Jeugd Cj"]
[Site "Assen"]
[Date "2017.04.28"]
[Round "8.3"]
[White "Grutter, Tim"]
[Black "Elgersma, Onno"]
[Result "1-0"]
[WhiteElo "1828"]
[BlackElo "2026"]
[PlyCount "109"]
[EventDate "2017.??.??"]

1. e4 e6 2. d4 d5 3. exd5 exd5 4. Nf3 Nf6 5. Bd3 c5 6. c3 c4 7. Bc2 Bg4 8. Bf4
Nc6 9. O-O Be7 10. Nbd2 O-O 11. Re1 Rc8 12. Nf1 Nh5 13. Bd2 g6 14. h3 Be6 15.
g4 Ng7 16. Ne5 b5 17. f4 f6 18. Nxc6 Rxc6 19. Ng3 Bf7 20. Qf3 b4 21. cxb4 Ne6
22. Ne2 Qb6 23. Qc3 Rb8 24. a3 a5 25. bxa5 Qa7 26. b4 Nc7 27. Ba4 Re6 28. Ng3
Bd6 29. Bd7 Rxe1+ 30. Rxe1 Rd8 31. Ba4 Ne6 32. Ne2 Qc7 33. Qf3 Qa7 34. Bc3 Bc7
35. Bc6 Qb8 36. Rf1 Rd6 37. Bxd5 Rxd5 38. Qxd5 Nxf4 39. Qf3 Bd5 40. Qe3 Nd3 41.
Rf3 Bh2+ 42. Kf1 Qa8 43. Rf2 Nxf2 44. Qxf2 Bd6 45. Qxf6 Qc6 46. Nf4 Bxf4 47.
Qxf4 Kg7 48. g5 Kg8 49. Qf6 Qa4 50. Qd8+ Kg7 51. Qxd5 Qd1+ 52. Be1 Qd3+ 53. Kf2
Qc2+ 54. Kg3 Qe2 55. Qe5+ 1-0

[Event "NK Jeugd Cj"]
[Site "Assen"]
[Date "2017.04.28"]
[Round "8.4"]
[White "Gevorkjan, Lewon"]
[Black "Shakhverdian, William"]
[Result "1/2-1/2"]
[WhiteElo "1815"]
[BlackElo "1732"]
[PlyCount "122"]
[EventDate "2017.??.??"]

1. e4 e5 2. Nf3 Nc6 3. Nc3 Nf6 4. Bb5 Bc5 5. O-O d6 6. h3 O-O 7. d3 h6 8. Bd2
a6 9. Bc4 Be6 10. b3 Bd7 11. a4 Ne7 12. Be3 Bxe3 13. fxe3 c6 14. d4 exd4 15.
exd4 Qc7 16. Bd3 Ng6 17. Qd2 Qa5 18. Nd5 Qd8 19. Nxf6+ Qxf6 20. Ne5 Qe7 21.
Nxd7 Qxd7 22. Rae1 c5 23. dxc5 dxc5 24. Qc3 Rac8 25. Kh1 Qd4 26. Qa5 Ne5 27.
Rd1 Nxd3 28. cxd3 Qd8 29. Qc3 Qd4 30. Qc4 Rcd8 31. Qc2 Rfe8 32. Qa2 Re6 33. Qe2
Qc3 34. Qh5 Re7 35. Qh4 Red7 36. Rf5 Qxb3 37. Rdf1 Qxd3 38. R1f3 Qd1+ 39. Kh2
Qd6+ 40. Rg3 Qe6 41. Rf6 Qe5 42. Rxh6 g6 43. Rh5 Qg7 44. Rxc5 Rd1 45. e5 R1d5
46. Re3 Rxc5 47. Qxd8+ Qf8 48. Qd3 Qe7 49. e6 Qc7+ 50. Rg3 Rg5 51. exf7+ Kxf7
52. Qb3+ Kg7 53. h4 Qxg3+ 54. Qxg3 Rxg3 55. Kxg3 b5 56. axb5 axb5 57. Kf3 Kf6
58. g4 b4 59. Ke3 Ke5 60. h5 gxh5 61. gxh5 Kf5 1/2-1/2

[Event "NK Jeugd Cj"]
[Site "Assen"]
[Date "2017.04.28"]
[Round "8.5"]
[White "Pham, Khoi"]
[Black "Hoeneveld, Maarten"]
[Result "0-1"]
[WhiteElo "1870"]
[BlackElo "2001"]
[PlyCount "74"]
[EventDate "2017.??.??"]

1. e4 e5 2. Nc3 Nf6 3. f4 d5 4. fxe5 Nxe4 5. Nf3 c5 6. Bb5+ Nc6 7. d3 Nxc3 8.
bxc3 d4 9. O-O Bg4 10. Qe1 Bxf3 11. Rxf3 Qc7 12. Qf2 g6 13. Ba3 Bg7 14. cxd4
O-O 15. Bxc5 Rfd8 16. Bd6 Rxd6 17. Bc4 Rd7 18. Rf1 Rf8 19. c3 Nd8 20. e6 Re7
21. exf7+ Nxf7 22. Kh1 Rd7 23. Qb2 Kh8 24. Qb3 Kg8 25. h3 Bh6 26. Be6 Re7 27.
d5 Qd6 28. Rf6 Kg7 29. Qc4 Rc7 30. Qd4 Kg8 31. Bxf7+ Rcxf7 32. Rxf7 Rxf7 33.
Re1 b6 34. Qe4 Qf6 35. c4 Bf8 36. d4 Bd6 37. Kg1 Qf2+ 0-1

[Event "NK Jeugd Cj"]
[Site "Assen"]
[Date "2017.04.28"]
[Round "8.6"]
[White "Nguyen, Lucas"]
[Black "Boghossian, Wahe"]
[Result "1-0"]
[WhiteElo "1924"]
[BlackElo "1863"]
[PlyCount "81"]
[EventDate "2017.??.??"]

1. e4 e5 2. Nf3 Nc6 3. d4 exd4 4. Nxd4 d6 5. Nc3 Nf6 6. Bg5 Be7 7. Bb5 Bd7 8.
Nf3 O-O 9. O-O a6 10. Bd3 Bg4 11. Be3 Re8 12. Re1 Qd7 13. Be2 Bd8 14. Nd2 Bxe2
15. Qxe2 Ne5 16. h3 c5 17. Rad1 Qc6 18. Bf4 Bc7 19. Nc4 Nxc4 20. Qxc4 b5 21.
Qd3 c4 22. Qd4 Ba5 23. e5 Bb6 24. Qxd6 Qxd6 25. exd6 Red8 26. Nd5 Nxd5 27. Rxd5
Kf8 28. d7 f6 29. Re6 Ba7 30. Kf1 Bb8 31. Re8+ Rxe8 32. d8=Q Bxf4 33. Qb6 Be5
34. c3 Rab8 35. Qxa6 b4 36. cxb4 c3 37. bxc3 Bxc3 38. Rd1 Bxb4 39. g3 Bc5 40.
Rc1 Bd4 41. Qd6+ 1-0

[Event "NK Jeugd Cj"]
[Site "Assen"]
[Date "2017.04.28"]
[Round "8.7"]
[White "Kutchoukov, Daniel"]
[Black "Ekker, Laurens"]
[Result "1-0"]
[WhiteElo "1823"]
[BlackElo "1396"]
[PlyCount "73"]
[EventDate "2017.??.??"]

1. e4 e5 2. Nf3 Nc6 3. Bc4 Bc5 4. O-O Nf6 5. d3 d6 6. a4 Be6 7. Bxe6 fxe6 8. c3
a6 9. Nbd2 O-O 10. Nc4 Qe8 11. Be3 Bxe3 12. Nxe3 Qh5 13. a5 Rad8 14. Qb3 Rb8
15. Qxe6+ Kh8 16. b4 Rbe8 17. Qb3 Ng4 18. Qd1 Nxe3 19. fxe3 Re6 20. Nxe5 Rxf1+
21. Qxf1 Qe8 22. Nxc6 bxc6 23. Qf2 Rf6 24. Qe2 Qe5 25. Rc1 Rh6 26. g3 Rf6 27.
Qg2 h6 28. d4 Qg5 29. Qe2 Re6 30. Qd3 Qb5 31. Qxb5 cxb5 32. c4 c6 33. cxb5 cxb5
34. Rc6 Rxe4 35. Kf2 d5 36. Rxa6 Re8 37. Rb6 1-0

[Event "NK Jeugd Cj"]
[Site "Assen"]
[Date "2017.04.28"]
[Round "8.8"]
[White "Klaren, Duncan"]
[Black "Brands, Kevin"]
[Result "1/2-1/2"]
[WhiteElo "1551"]
[BlackElo "1531"]
[PlyCount "73"]
[EventDate "2017.??.??"]

1. e4 c5 2. Nf3 d6 3. d4 cxd4 4. Nxd4 Nf6 5. Nc3 a6 6. h3 e5 7. Nde2 h5 8. Bg5
Nbd7 9. Qd2 Be7 10. Ng3 g6 11. a4 Qb6 12. Bc4 Qb4 13. Bb3 h4 14. Nge2 Nxe4 15.
Nxe4 Qxe4 16. Bxe7 Kxe7 17. O-O-O Qc6 18. f4 Nc5 19. Bd5 Qxa4 20. Ba2 Qc6 21.
fxe5 dxe5 22. Rhf1 Bf5 23. Nc3 Rad8 24. Nd5+ Kf8 25. Qg5 Rd7 26. Nf6 Rxd1+ 27.
Rxd1 Nd3+ 28. Kb1 Nb4 29. Rd8+ Kg7 30. Rg8+ Rxg8 31. Nh5+ Kf8 32. Qd8+ Qe8 33.
Qd6+ Qe7 34. Qb8+ Qe8 35. Qd6+ Qe7 36. Qb8+ Qe8 37. Qd6+ 1/2-1/2

[Event "NK Jeugd Cj"]
[Site "Assen"]
[Date "2017.04.28"]
[Round "8.9"]
[White "Paays, Dominggus"]
[Black "Honkoop, Gilian"]
[Result "1/2-1/2"]
[WhiteElo "1531"]
[BlackElo "1820"]
[PlyCount "91"]
[EventDate "2017.??.??"]

1. e4 Nc6 2. Nf3 e5 3. Bc4 Nf6 4. d3 d6 5. O-O Bg4 6. Nbd2 Be7 7. c3 O-O 8. a4
Kh8 9. Re1 Nb8 10. Qb3 Nbd7 11. d4 Rb8 12. dxe5 dxe5 13. Ng5 Nc5 14. Qc2 Bh5
15. b4 Ncd7 16. Qb3 Kg8 17. f3 a5 18. Ba3 Nc5 19. Qc2 axb4 20. cxb4 Nxa4 21.
Rad1 Nb6 22. Nb3 Qc8 23. Nc5 h6 24. Nh3 Ne8 25. Bb2 Bd6 26. Nf2 Kh8 27. Nfd3
Nxc4 28. Qxc4 f6 29. Ra1 Bf7 30. Qc3 c6 31. Bc1 g5 32. Be3 Nc7 33. Qd2 Rd8 34.
Qc1 Ne6 35. h4 Ra8 36. Rxa8 Qxa8 37. hxg5 hxg5 38. Nxe6 Bxe6 39. Bxg5 fxg5 40.
Qxg5 Qa7+ 41. Kh2 Re8 42. Qh5+ Kg7 43. Qxe8 Bf7 44. Qd7 Qd4 45. Qg4+ Kf8 46.
Qc8+ 1/2-1/2

[Event "NK Jeugd Cj"]
[Site "Assen"]
[Date "2017.04.28"]
[Round "8.10"]
[White "Maters, Arthur"]
[Black "Brandsma, Romayn"]
[Result "1-0"]
[WhiteElo "1730"]
[BlackElo "1390"]
[PlyCount "55"]
[EventDate "2017.??.??"]

1. e4 c5 2. Nf3 Nc6 3. d4 cxd4 4. Nxd4 d6 5. Nc3 Nf6 6. f3 a6 7. Be3 g6 8. Qd2
Bg7 9. O-O-O O-O 10. g4 Bd7 11. h4 h5 12. gxh5 Nxh5 13. Be2 b5 14. f4 Nxf4 15.
Bxf4 Nxd4 16. Bh6 Nxe2+ 17. Nxe2 Bg4 18. Bxg7 Kxg7 19. h5 Bxh5 20. Rxh5 Rh8 21.
Qc3+ e5 22. Rxh8 Qxh8 23. Qf3 Qh6+ 24. Kb1 Rh8 25. Rf1 Rf8 26. Qf6+ Kg8 27. Ng3
Qh3 28. Rh1 1-0

[Event "NK Jeugd Cj"]
[Site "Assen"]
[Date "2017.04.28"]
[Round "8.11"]
[White "Schelleman, Martijn"]
[Black "Albertus, Bram"]
[Result "0-1"]
[WhiteElo "1385"]
[BlackElo "1569"]
[PlyCount "78"]
[EventDate "2017.??.??"]

1. e4 c5 2. Nf3 d6 3. d4 cxd4 4. Nxd4 g6 5. Nc3 Bg7 6. Be3 a6 7. Qd2 Nf6 8. f3
b5 9. O-O-O h5 10. Be2 Bd7 11. h3 Nc6 12. Nb3 Rb8 13. g4 b4 14. Nd5 a5 15.
Nxf6+ Bxf6 16. f4 Qc7 17. gxh5 gxh5 18. Rdg1 a4 19. Nd4 b3 20. axb3 Nxd4 21.
Bxd4 axb3 22. Bxf6 exf6 23. c3 Ra8 24. Qd4 Ke7 25. Bc4 Rhb8 26. Re1 Ra4 27. e5
dxe5 28. fxe5 f5 29. Qd6+ Qxd6 30. exd6+ Kxd6 31. Bxf7 h4 32. Kd2 Ra2 33. Rb1
f4 34. Bg6 Be6 35. Rh2 Rg8 36. Be4 Ke5 37. Bf3 Kf6 38. Ke1 Rg1+ 39. Kd2 Rxb1
0-1

[Event "NK Jeugd Cj"]
[Site "Assen"]
[Date "2017.04.28"]
[Round "8.12"]
[White "Algra, Sake"]
[Black "Van der Hagen, Loek"]
[Result "1-0"]
[WhiteElo "1481"]
[BlackElo "1581"]
[PlyCount "67"]
[EventDate "2017.??.??"]

1. d4 Nf6 2. Bf4 g6 3. h3 Bg7 4. e3 d6 5. Nf3 O-O 6. Be2 c5 7. c3 b6 8. O-O Bb7
9. Nbd2 Nbd7 10. a4 Rc8 11. a5 Qc7 12. Bh2 Qc6 13. Re1 e5 14. Nc4 Ne8 15. Na3
a6 16. axb6 e4 17. Nd2 Nxb6 18. Nac4 Nxc4 19. Nxc4 d5 20. Na5 Qb6 21. Nxb7 Qxb7
22. Bxa6 Qc6 23. Bxc8 Qxc8 24. Qa4 Nf6 25. Qa6 c4 26. Bd6 Re8 27. Qxc8 Rxc8 28.
Ra5 h6 29. Rea1 Kh7 30. Ra8 Rc6 31. R1a6 Rxa6 32. Rxa6 g5 33. Ra5 Kg6 34. Be5
1-0

[Event "NK Jeugd Cj"]
[Site "Assen"]
[Date "2017.04.28"]
[Round "8.13"]
[White "Rutjens, Mika"]
[Black "Tiggelaar, Joas"]
[Result "0-1"]
[WhiteElo "1515"]
[BlackElo "1521"]
[PlyCount "34"]
[EventDate "2017.??.??"]

1. e4 e5 2. Nf3 Nc6 3. d4 exd4 4. Bc4 Nf6 5. e5 d5 6. Bb5 Ne4 7. Nxd4 Bc5 8.
O-O O-O 9. Nxc6 bxc6 10. Bxc6 Ba6 11. Bxa8 Bxf1 12. Kxf1 Qh4 13. Qf3 Rxa8 14.
Nd2 Rd8 15. h3 c6 16. Nxe4 dxe4 17. Qe2 Rd1+ 0-1

[Event "NK Jeugd Cj"]
[Site "Assen"]
[Date "2017.04.29"]
[Round "9.1"]
[White "Grutter, Tim"]
[Black "Bruil, Rembrandt"]
[Result "1/2-1/2"]
[WhiteElo "1828"]
[BlackElo "1963"]
[PlyCount "163"]
[EventDate "2017.??.??"]

1. e4 c5 2. Nc3 Nc6 3. f4 e6 4. Nf3 d5 5. d3 Nf6 6. e5 Nd7 7. g3 Be7 8. Bg2 b5
9. O-O Rb8 10. g4 Qb6 11. Re1 O-O 12. g5 Nd4 13. Ne2 Nf5 14. Ng3 Bb7 15. Bh3 g6
16. Nxf5 exf5 17. Bg2 d4 18. Qe2 Rfe8 19. e6 Bd6 20. exf7+ Kxf7 21. Qf2 Qc7 22.
Bd2 Kf8 23. Qh4 Nb6 24. Ne5 Bxe5 25. fxe5 Bxg2 26. Kxg2 Kg8 27. Bf4 Nd5 28. Qg3
Re7 29. Re2 Rbe8 30. Rae1 Qc6 31. Kf2 Nc7 32. Qf3 Qxf3+ 33. Kxf3 Ne6 34. h4 c4
35. dxc4 bxc4 36. Rd2 Rb7 37. b3 cxb3 38. axb3 Rc8 39. Ra1 Rc3+ 40. Rd3 Rxd3+
41. cxd3 Rxb3 42. Bd2 Rxd3+ 43. Ke2 Rh3 44. Rxa7 Rxh4 45. Re7 Re4+ 46. Kd3 Rxe5
47. Ra7 Rd5 48. Ra8+ Kf7 49. Ra7+ Kg8 50. Ra8+ Rd8 51. Rxd8+ Nxd8 52. Kxd4 Kf7
53. Ke5 Ne6 54. Be3 Nc7 55. Bb6 Nb5 56. Ba5 Na3 57. Bb4 Nc2 58. Bd2 Na3 59. Bb4
Nc4+ 60. Kd4 Nb6 61. Ba5 Nd7 62. Kd5 h6 63. Kd6 Nf8 64. gxh6 g5 65. Bd2 Kg6 66.
Ke5 Nd7+ 67. Kd6 Nf6 68. Ke6 g4 69. Bc3 Nh7 70. Ke5 Ng5 71. Kf4 Ne6+ 72. Ke5
Ng5 73. Kf4 Nh3+ 74. Kg3 Kxh6 75. Kh4 Kg6 76. Bd4 Ng5 77. Kg3 Ne6 78. Be3 Kh5
79. Bd2 f4+ 80. Kg2 g3 81. Bxf4 Nxf4+ 82. Kxg3 1/2-1/2

[Event "NK Jeugd Cj"]
[Site "Assen"]
[Date "2017.04.29"]
[Round "9.2"]
[White "Shakhverdian, William"]
[Black "De Boer, Eelke"]
[Result "0-1"]
[WhiteElo "1732"]
[BlackElo "2100"]
[PlyCount "80"]
[EventDate "2017.??.??"]

1. e4 e5 2. Nf3 Nc6 3. Bc4 Nf6 4. d3 Bc5 5. c3 O-O 6. O-O d6 7. a4 a5 8. Na3
Ba7 9. Nc2 Ne7 10. Be3 Ng6 11. h3 c6 12. Bxa7 Rxa7 13. Re1 Re8 14. Qd2 Nf4 15.
d4 Qe7 16. Rad1 b6 17. dxe5 dxe5 18. Qd6 Rc7 19. Qxe7 Rcxe7 20. Na3 Rd7 21.
Rxd7 Nxd7 22. Rd1 Kf8 23. b4 Ke7 24. Bf1 f6 25. Nc4 Ba6 26. b5 cxb5 27. Nd6 Rd8
28. axb5 Bc8 29. Bc4 Nc5 30. Nxc8+ Rxc8 31. Nd2 Rd8 32. Bd5 Nxd5 33. exd5 Rxd5
34. Kf1 Nb3 35. Ke2 Rxd2+ 36. Rxd2 Nxd2 37. Kxd2 Kd6 38. c4 Kc5 39. Kc3 a4 40.
g3 a3 0-1

[Event "NK Jeugd Cj"]
[Site "Assen"]
[Date "2017.04.29"]
[Round "9.3"]
[White "Hilwerda, Jonas"]
[Black "Nguyen, Lucas"]
[Result "1/2-1/2"]
[WhiteElo "2011"]
[BlackElo "1924"]
[PlyCount "153"]
[EventDate "2017.??.??"]

1. e4 c5 2. Nf3 Nc6 3. Nc3 g6 4. d4 cxd4 5. Nxd4 Bg7 6. Nb3 Nf6 7. Be2 O-O 8.
O-O d6 9. Bg5 Ne5 10. Kh1 Bd7 11. Bxf6 Bxf6 12. Nd5 Bg7 13. f4 Nc6 14. c3 Rc8
15. Bf3 f5 16. exf5 Bxf5 17. Ne3 Bd7 18. Bg4 Kh8 19. Bxd7 Qxd7 20. Nc5 Qe8 21.
Ne6 Rf6 22. Nxg7 Kxg7 23. Qg4 e6 24. Rae1 Qf7 25. g3 Rd8 26. Qe2 e5 27. fxe5
Nxe5 28. Rxf6 Qxf6 29. Ng4 Nxg4 30. Qxg4 Rf8 31. Qe2 Rf7 32. Kg2 Qf5 33. Rd1
Qf6 34. Rd3 Re7 35. Re3 Rxe3 36. Qxe3 b6 37. Qe4 Qf7 38. Qd4+ Qf6 39. Qe4 Qf7
40. b3 Qf6 41. Qb7+ Qf7 42. Qe4 Qf6 43. Qe3 Qf5 44. Qe7+ Kh6 45. Qxd6 Qe4+ 46.
Kh3 Qf5+ 47. Kg2 Qe4+ 48. Kf2 Qc2+ 49. Ke3 Qxc3+ 50. Kf4 Qc1+ 51. Kg4 Qg5+ 52.
Kf3 Qh5+ 53. g4 Qh3+ 54. Qg3 Qf1+ 55. Qf2 Qd1+ 56. Kg3 Qd3+ 57. Qf3 Qxf3+ 58.
Kxf3 Kg5 59. Kg3 Kf6 60. Kf4 g5+ 61. Ke4 Ke6 62. h3 h6 63. Kd4 Kd6 64. a4 a5
65. Kc4 Kc6 66. b4 axb4 67. Kxb4 Kc7 68. Kc3 Kd7 69. Kd3 Kd6 70. Kd4 Kc6 71.
Kc4 Kd6 72. Kb5 Kc7 73. Kc4 Kd6 74. Kd4 Kc6 75. Kc4 Kd6 76. Kb5 Kc7 77. Kc4
1/2-1/2

[Event "NK Jeugd Cj"]
[Site "Assen"]
[Date "2017.04.29"]
[Round "9.4"]
[White "Hoeneveld, Maarten"]
[Black "Gevorkjan, Lewon"]
[Result "0-1"]
[WhiteElo "2001"]
[BlackElo "1815"]
[PlyCount "73"]
[EventDate "2017.??.??"]

1. e4 e6 2. d4 d5 3. exd5 exd5 4. c4 Nf6 5. Bg5 Bf5 6. Bxf6 Qxf6 7. cxd5 Bxb1
8. Qa4+ Nd7 9. Rxb1 Bd6 10. Bb5 Rd8 11. Ne2 Qf5 12. O-O O-O 13. Qxa7 Qxd5 14.
Nc3 Qh5 15. g3 b6 16. Qb7 Qg4 17. Ne4 Qe6 18. Nxd6 Qxd6 19. Rbc1 Qxd4 20. Rxc7
Ne5 21. b3 Qg4 22. Rc3 Qb4 23. Rc6 Qxb5 24. Rxb6 Qe2 25. Qa6 Qe4 26. Qb7 Qxb7
27. Rxb7 Ra8 28. a4 Rfb8 29. Re7 Nf3+ 30. Kg2 Nd2 31. Rd1 Nxb3 32. Rdd7 Rf8 33.
Ra7 Nd4 34. Rxf7 Rxa7 35. Rxa7 Nc6 36. Ra6 Nb4 37. a5 0-1

[Event "NK Jeugd Cj"]
[Site "Assen"]
[Date "2017.04.29"]
[Round "9.5"]
[White "Bruggink, Tycho"]
[Black "Pham, Khoi"]
[Result "1-0"]
[WhiteElo "1858"]
[BlackElo "1870"]
[PlyCount "49"]
[EventDate "2017.??.??"]

1. e4 c5 2. Nf3 Nc6 3. d4 cxd4 4. Nxd4 a6 5. Nc3 e6 6. Be3 Nge7 7. Be2 Nxd4 8.
Qxd4 b5 9. O-O Nc6 10. Qd2 Qc7 11. f4 Be7 12. Kh1 Bb7 13. Rad1 d6 14. f5 O-O
15. fxe6 fxe6 16. Bg4 Rxf1+ 17. Rxf1 Nd8 18. Qf2 e5 19. Bg5 h6 20. Bxh6 gxh6
21. Qf5 Qc4 22. Qg6+ Kh8 23. Qxh6+ Kg8 24. Qg6+ Kh8 25. Rf5 1-0

[Event "NK Jeugd Cj"]
[Site "Assen"]
[Date "2017.04.29"]
[Round "9.6"]
[White "Elgersma, Onno"]
[Black "Kutchoukov, Daniel"]
[Result "1/2-1/2"]
[WhiteElo "2026"]
[BlackElo "1823"]
[PlyCount "74"]
[EventDate "2017.??.??"]

1. e4 c6 2. d4 d5 3. e5 Bf5 4. Nf3 e6 5. Be2 Nd7 6. O-O Ne7 7. Nbd2 h6 8. Nb3
Bh7 9. a4 a5 10. Ne1 c5 11. Nxc5 Nxc5 12. dxc5 Nc6 13. Nd3 Bxd3 14. Bxd3 Nxe5
15. Bb5+ Nc6 16. Be3 Be7 17. c4 dxc4 18. Bxc4 O-O 19. Rc1 Qc7 20. Qe2 Rfd8 21.
Rfd1 Rac8 22. Rxd8+ Rxd8 23. Bb3 Bf6 24. Rd1 Rxd1+ 25. Bxd1 Nb4 26. g3 Nd5 27.
Bc2 Nxe3 28. Qxe3 Bxb2 29. Be4 Bf6 30. Qb3 Bd4 31. Qxb7 Qxb7 32. Bxb7 Bxc5 33.
Kf1 e5 34. f3 Kf8 35. Ke2 Ke7 36. g4 g6 37. Kd3 Kd6 1/2-1/2

[Event "NK Jeugd Cj"]
[Site "Assen"]
[Date "2017.04.29"]
[Round "9.7"]
[White "Brands, Kevin"]
[Black "Maters, Arthur"]
[Result "1/2-1/2"]
[WhiteElo "1531"]
[BlackElo "1730"]
[PlyCount "120"]
[EventDate "2017.??.??"]

1. e4 c5 2. Nf3 d6 3. d4 cxd4 4. Nxd4 Nf6 5. Nc3 a6 6. Be3 e5 7. Nb3 Be6 8. f3
Be7 9. Qd2 O-O 10. O-O-O b5 11. g4 Nbd7 12. g5 Nh5 13. h4 b4 14. Na4 a5 15. Bh3
Qc7 16. Bg4 Bxg4 17. fxg4 Ng3 18. Rh3 Nxe4 19. Qd5 Nec5 20. Naxc5 Nxc5 21. Bxc5
dxc5 22. Qd7 Qxd7 23. Rxd7 Rfe8 24. Re3 f6 25. Rc7 Rac8 26. Rxc8 Rxc8 27. gxf6
Bxf6 28. g5 a4 29. Nd2 Be7 30. Rxe5 Bd6 31. Rd5 Bf4 32. Kd1 Bxd2 33. Kxd2 Kf7
34. Rd6 Ke7 35. Ra6 Rd8+ 36. Ke2 Rd4 37. Rxa4 Rxh4 38. Ra7+ Kf8 39. Ra8+ Kf7
40. Rc8 Re4+ 41. Kf3 Rc4 42. a3 bxa3 43. bxa3 Rxc2 44. a4 Kg6 45. a5 Kxg5 46.
a6 Ra2 47. Rxc5+ Kf6 48. Rc6+ Ke5 49. Rc7 g6 50. a7 h5 51. Rg7 Ra3+ 52. Kf2 Kf5
53. Rf7+ Kg4 54. Rb7 g5 55. Rb4+ Kh3 56. Rb3+ Rxb3 57. a8=Q Rb2+ 58. Kg1 Rb1+
59. Kf2 Rb2+ 60. Kg1 Rb1+ 1/2-1/2

[Event "NK Jeugd Cj"]
[Site "Assen"]
[Date "2017.04.29"]
[Round "9.8"]
[White "Albertus, Bram"]
[Black "Klaren, Duncan"]
[Result "0-1"]
[WhiteElo "1569"]
[BlackElo "1551"]
[PlyCount "86"]
[EventDate "2017.??.??"]

1. e4 c5 2. Nf3 d6 3. d4 cxd4 4. Nxd4 Nf6 5. f3 a6 6. c4 e5 7. Nc2 Be6 8. Nc3
Nbd7 9. Be3 Rc8 10. b3 b5 11. Nd5 Bxd5 12. cxd5 Qc7 13. Rc1 Be7 14. Be2 O-O 15.
O-O Qa5 16. a3 Qc3 17. b4 Rc7 18. Bd2 Qb2 19. Bd3 Rfc8 20. Rf2 Qb3 21. Be3 Rc3
22. Rd2 Qa4 23. Rf2 Bd8 24. Ra1 Nb6 25. Qd2 Qb3 26. Ne1 Nc4 27. Bxc4 R8xc4 28.
Re2 Rxe3 29. Rxe3 Bb6 30. Kf2 Rc3 31. Rc1 Bxe3+ 32. Qxe3 Qb2+ 33. Rc2 Rxc2+ 34.
Nxc2 Qxc2+ 35. Kg3 Nh5+ 36. Kh4 Qxg2 37. Qg5 Qxh2+ 38. Kg4 Nf6+ 39. Kf5 Qh3+
40. Qg4 Nxg4 41. fxg4 Qf3+ 42. Kg5 Qf6+ 43. Kh5 Qh6# 0-1

[Event "NK Jeugd Cj"]
[Site "Assen"]
[Date "2017.04.29"]
[Round "9.9"]
[White "Honkoop, Gilian"]
[Black "Boghossian, Wahe"]
[Result "1-0"]
[WhiteElo "1820"]
[BlackElo "1863"]
[PlyCount "83"]
[EventDate "2017.??.??"]

1. e4 e5 2. Nf3 Nc6 3. c3 d5 4. Bb5 Bc5 5. Nxe5 Nge7 6. d4 O-O 7. Nxc6 bxc6 8.
Bd3 dxe4 9. Bxe4 Bd6 10. O-O Bd7 11. Bg5 f6 12. Bh4 Rb8 13. Qc2 f5 14. Bd3 Qe8
15. Bxe7 Qxe7 16. Nd2 Qh4 17. Nf3 Qf4 18. Rae1 Rf6 19. Ne5 Be8 20. g3 Qh6 21.
Bxf5 c5 22. f4 Rd8 23. Ng4 Qh5 24. Nxf6+ gxf6 25. Rf2 Kg7 26. Rfe2 cxd4 27.
cxd4 h6 28. Re7+ Bxe7 29. Rxe7+ Bf7 30. Be6 Rf8 31. Qb3 f5 32. Bxf7 Rxf7 33.
Rxf7+ Qxf7 34. Qxf7+ Kxf7 35. Kf2 Ke6 36. Ke3 a5 37. Kd3 Kd5 38. h3 h5 39. b3
c6 40. a3 c5 41. dxc5 Kxc5 42. b4+ 1-0

[Event "NK Jeugd Cj"]
[Site "Assen"]
[Date "2017.04.29"]
[Round "9.10"]
[White "Ekker, Laurens"]
[Black "Paays, Dominggus"]
[Result "1/2-1/2"]
[WhiteElo "1396"]
[BlackElo "1531"]
[PlyCount "39"]
[EventDate "2017.??.??"]

1. e4 c5 2. c3 Nf6 3. e5 Nd5 4. Nf3 Nc6 5. d4 cxd4 6. cxd4 d6 7. exd6 Qxd6 8.
Nc3 e6 9. Qb3 Be7 10. Nxd5 exd5 11. Be2 O-O 12. O-O Bf6 13. Be3 b6 14. Rac1 Bb7
15. Rc3 Rac8 16. Rfc1 Rfd8 17. Qa4 Qb4 18. Qxb4 Nxb4 19. Rxc8 Rxc8 20. Rxc8+
1/2-1/2

[Event "NK Jeugd Cj"]
[Site "Assen"]
[Date "2017.04.29"]
[Round "9.11"]
[White "Brandsma, Romayn"]
[Black "Algra, Sake"]
[Result "1-0"]
[WhiteElo "1390"]
[BlackElo "1481"]
[PlyCount "73"]
[EventDate "2017.??.??"]

1. d4 Nf6 2. c4 g6 3. Nc3 d5 4. cxd5 Nxd5 5. e4 Nxc3 6. bxc3 Bg7 7. Bb2 c5 8.
Bc4 Qa5 9. Kf1 Nc6 10. Ne2 O-O 11. h4 Rd8 12. d5 Rd6 13. f4 e5 14. Qe1 Ne7 15.
Nc1 Bd7 16. a4 Rd8 17. Nb3 Qc7 18. Ba3 Bxa4 19. Nxc5 b6 20. Nxa4 Qxc4+ 21. Kg1
R6d7 22. Nb2 Qb3 23. c4 exf4 24. Rh3 Qc2 25. Rc1 Bd4+ 26. Kf1 Qf2+ 27. Qxf2
Bxf2 28. Kxf2 f5 29. Bxe7 Rxe7 30. exf5 gxf5 31. Re1 Rg7 32. Re5 Rf8 33. Nd3 a5
34. Nxf4 Rc8 35. Ne6 Rg4 36. Rxf5 Rg6 37. Rhf3 1-0

[Event "NK Jeugd Cj"]
[Site "Assen"]
[Date "2017.04.29"]
[Round "9.12"]
[White "Van der Hagen, Loek"]
[Black "Schelleman, Martijn"]
[Result "1-0"]
[WhiteElo "1581"]
[BlackElo "1385"]
[PlyCount "57"]
[EventDate "2017.??.??"]

1. e4 e5 2. Nf3 Nc6 3. Bb5 Bc5 4. O-O d6 5. c3 a6 6. Ba4 b5 7. Bc2 Bg4 8. h3
Bh5 9. d3 h6 10. Nbd2 Nf6 11. Re1 O-O 12. Nf1 Re8 13. Ng3 Bxf3 14. Qxf3 d5 15.
Nf5 Ne7 16. Nxh6+ gxh6 17. Qxf6 Ng6 18. Qxd8 Raxd8 19. Bxh6 d4 20. a4 Ra8 21.
Bd2 Reb8 22. b4 Bd6 23. cxd4 exd4 24. Reb1 Kh7 25. g3 Rg8 26. Kf1 Ne5 27. Ke2
Nc6 28. Bb3 Kg6 29. Bd5 1-0